MARC

LEADER 00000nam0a2200000 4500
001 316217
005 20231102002844.0
010 |b 10100 экз. 
035 |a (RuTPU)RU\TPU\book\341655 
090 |a 316217 
100 |a 20160316d1931 m y0rusy50 ca 
101 0 |a rus 
102 |a RU 
105 |a a j 001zy 
200 1 |a Краткий курс торфоведения  |e пособие  |f И. И. Рудометов 
210 |a Москва  |c Государственное техническое издательство  |c ГУНТИ  |d [1931] 
215 |a 216 с.  |c с 85 рис. в тексте 
225 1 |a Библиотека техника 
316 |5 63413507: М-132602  |a На титульном листе владельческая подпись: "Бутаков" 
317 |5 63413507: М-132602  |a Поступила в НТБ в 1970 г. в составе книжного собрания профессора ТПИ И. Н. Бутакова 
320 |a Темы, рефераты и доклады: с. 196-205 
320 |a Дополнительный указатель литературы для проработки "Краткого курса торфоведения": с. 206-209 
320 |a Список популярной литературы для торфяных кружков при техникумах и с.-х школах: с. 209-211 
320 |a Наглядные пособия для проработки "Курса торфоведения": с. 211-212 
320 |a Список главнейших пособий и источников: с. 213-215 
606 1 |a Торфяные месторождения  |x Разработка  |2 stltpush  |3 (RuTPU)RU\TPU\subj\61100  |9 78308 
610 1 |a болота 
610 1 |a добыча 
610 1 |a образование 
610 1 |a использование 
610 1 |a учебные пособия 
610 1 |a владельческая надпись 
610 1 |a библиотека И. Н. Бутакова 
675 |a 622.331  |v 4 
700 1 |a Рудометов  |b И. И. 
801 1 |a RU  |b 63413507  |c 20160316 
801 2 |a RU  |b 63413507  |c 20190801  |g RCR 
942 |c BK